Kpop Groups Under SM Entertainment - Statistics

General Stats
  • This quiz has been taken 3,529 times
  • The average score is 7 of 9
Answer Stats
Debut Year Group % Correct
2014 Red Velvet
92%
2016 NCT
91%
2011 EXO
88%
2007 Girl's Generation
86%
2005 Super Junior
83%
2008 SHINee
81%
2009 F(x)
67%
2003 TVXQ
64%
1998 Shinhwa
36%
No matching quizzes found
Score Distribution
Percent of People with Each Score
Percentile by Number Answered
Your Score History
You have not taken this quiz